Frontera.info

Detalles Bibliográficos
Formato: Revista
Lenguaje:español
Publicado: Tijuana : Frontera,
Materias:
Acceso en línea:http://www.vlex.com/source/7310

MARC

LEADER 00000nas a22000007a 4500
005 20130325164626.0
007 cr|||| ||||
008 130325c 9999mx dr|p s|||| 0|||b1spa d
035 |a 7310 
040 |a vLex 
090 |c 4012  |d 4012 
245 0 0 |a Frontera.info  |h [Recurso electrn̤ico]  
256 |a Servicio en ln̕ea 
260 |a Tijuana :  |b Frontera, 
300 |a 1 Recurso electrn̤ico 
506 |d vLex Global  |d vLex Global (Academic Edition, excluding Law Schools)  |d vLex Global (U.S. Academic Edition, Law Schools)  |d vLex Global (U.S. Academic Edition, excluding Law Schools)  |d vLex Global (Academic Edition, Law Schools) 
650 0 4 |a Informacin̤ general  |v Revistas  |z Mx̌ico 
740 |a vLex Revistas (Servicio en ln̕ea) 
856 |a Acceso restringido  |u http://www.vlex.com/source/7310 
942 |c REV 
999 0 |a News